| 000 | 00692nam a2200205 a 4500 | ||
|---|---|---|---|
| 001 | 631216 | ||
| 005 | 20240212001400.0 | ||
| 008 | 930205s1992 ce b 001 0 eng | ||
| 020 | _a9559098071 : | ||
| 040 |
_aDLC _cDLC _dDLC |
||
| 082 |
_222 _a307.72 _bPIY. |
||
| 100 | 1 | _aRatnayake, Piyadasa, | |
| 245 | 1 | 0 |
_aTowards self-reliant rural development : _ba policy experiment in Sri Lanka / _cPiyadasa Ratnayake. |
| 260 |
_aColombo, Sri Lanka : _bKarunaratne and Sons, _c1992. |
||
| 300 | _axxiii, 400 p. ; | ||
| 500 | _a"Publication of this book was assisted by the Toyota Foundation in Japan"--T.p. verso. | ||
| 650 | 0 | _aRural development | |
| 650 | 0 | _aRural development projects | |
| 942 | _cL | ||
| 999 |
_c365 _d365 |
||